000 00585nam a2200205Ia 4500
005 20250326144533.0
008 250326s9999 xx 000 0 und d
020 _a0-415-35241-X
037 _aTextbook
040 _aFMSL
_beng
_cFMSL
041 _aeng
_2eng
084 _aX:81 P6
_qFMSL
100 _aMacintosh R
_9749846
245 0 _aComplexity and organization : readings and conversations
_cMacintosh R And Others
260 _aNY
_bNY, Routledge
_c2006
300 _ax,299
365 _b2281.1849999999999
942 _cTB
_hX:81 P6
999 _c1304086
_d1304086